000 00559nam a22002177a 4500
999 _c798
_d798
003 OSt
005 20250916020003.0
008 141201b xxu||||| |||| 00| 0 eng d
020 _a9781904842552
040 _cDNLM
082 _aW 80 H24m 2008
100 _aHarris M.; Taylor G.
_92148
245 _aMedical Statistics made easy
250 _a2nd ed.
260 _aU K :
_bScion ;
_c2008
300 _axii, 115 p :
_bill ;
_c27 cm.
504 _aincludes index
650 _aEpidemiology
_9324
650 _aMedical statistics
_91389
942 _2z
_cSLOAN
_03